000 00307nam a22001337a 4500
008 190306b xxu||||| |||| 00| 0 eng d
020 _a0801610656
041 _aeng
080 _27th
_a617
100 _a8
101 _aORT
245 _aCampbell's Operative Orthopaedics
_cCrenshaw,A.H
942 _2udc
_cBK
999 _c54589
_d54589